[Event "Pescia op-A 5th"]
[Site "Pescia"]
[Date "2013.10.13"]
[Round "5"]
[White "Scali, Fausto"]
[Black "Fabbri, Marcello"]
[Result "0-1"]
[WhiteElo "1954"]
[BlackElo "1771"]
[PlyCount "78"]
[EventDate "2013.10.11"]
[EventType "swiss"]
[EventRounds "5"]
[EventCountry "ITA"]
[SourceTitle "EXT 2015"]
[Source "ChessBase"]
[SourceDate "2014.11.20"]
[SourceVersion "1"]
[SourceVersionDate "2014.11.20"]
[SourceQuality "1"]

1. d4 Nf6 2. c4 c5 3. d5 b5 4. Qc2 g6 5. e4 d6 6. cxb5 a6 7. Nc3 Bg7 8. Nf3 0-0 9. a4 Ng4 10. h3 Ne5 11. Nxe5 Bxe5 12. Bc4 Nd7 13. 0-0 Bg7 14. Bd2 Ne5 15. Be2 Qc7 16. Rfc1 f5 17. bxa6 Bxa6 18. Bxa6 Rxa6 19. exf5 Rxf5 20. Ne2 Qb7 21. Nf4 Nd7 22. Rcb1 Be5 23. Ne6 Nb6 24. Bc3 Nxd5 25. Qe4 Qb3 26. Nxc5 dxc5 27. Bxe5 Re6 28. Ra3 Qb7 29. b4 Rfxe5 30. bxc5 Qc7 31. Qxe5 Rxe5 32. a5 Qxc5 33. Rb8+ Kg7 34. Ra2 Re1+ 35. Kh2 Qd6+ 36. g3 Qxb8 37. a6 Qa8 38. a7 Ne3 39. fxe3 Qh1# 0-1

[Event "Pescia op-A 5th"]
[Site "Pescia"]
[Date "2013.10.12"]
[Round "2"]
[White "Scali, Fausto"]
[Black "Baradaran, Arman"]
[Result "1/2-1/2"]
[WhiteElo "1954"]
[BlackElo "1814"]
[PlyCount "63"]
[EventDate "2013.10.11"]
[EventType "swiss"]
[EventRounds "5"]
[EventCountry "ITA"]
[SourceTitle "EXT 2015"]
[Source "ChessBase"]
[SourceDate "2014.11.20"]
[SourceVersion "1"]
[SourceVersionDate "2014.11.20"]
[SourceQuality "1"]

1. d4 d5 2. c4 c6 3. Nc3 e6 4. Nf3 Nf6 5. e3 Be7 6. Qc2 0-0 7. Bd3 dxc4 8. Bxc4 b5 9. Bd3 a6 10. 0-0 Bb7 11. e4 h6 12. e5 Nd5 13. a3 Nxc3 14. Qxc3 Nd7 15. b4 Nb6 16. Bc2 h5 17. Qd3 g6 18. Bh6 Re8 19. Bb3 Nd5 20. Qd2 a5 21. Bg5 Ra7 22. Bxe7 Qxe7 23. Ng5 axb4 24. Ne4 Kg7 25. Bxd5 cxd5 26. Nf6 Rea8 27. Qg5 Qf8 28. Nxh5+ Kh8 29. Nf6 Kg7 30. Nh5+ Kh8 31. Nf6 Kg7 32. Nh5+ 1/2-1/2

[Event "Florence op 6th"]
[Site "Florence"]
[Date "2012.11.04"]
[Round "6"]
[White "Innocenti, Luca"]
[Black "Scali, Fausto"]
[Result "0-1"]
[WhiteElo "1992"]
[BlackElo "1882"]
[PlyCount "100"]
[EventDate "2012.11.01"]
[EventType "swiss"]
[EventRounds "7"]
[EventCountry "ITA"]
[SourceTitle "EXT 2014"]
[Source "ChessBase"]
[SourceDate "2013.11.20"]
[SourceVersion "1"]
[SourceVersionDate "2013.11.20"]
[SourceQuality "1"]

1. Nf3 Nf6 2. g3 d5 3. Bg2 Bf5 4. d3 h6 5. 0-0 e6 6. Nbd2 Nbd7 7. Re1 Bc5 8. e4 Bh7 9. exd5 Nxd5 10. d4 Be7 11. a3 0-0 12. c4 N5f6 13. Ne5 c6 14. Qe2 Nxe5 15. dxe5 Nd7 16. Nf1 Nc5 17. Rd1 Qc7 18. b4 Nb3 19. Ra2 Nxc1 20. Rxc1 a5 21. Rb2 axb4 22. axb4 Rfd8 23. Be4 Rd4 24. Bxh7+ Kxh7 25. Nd2 Rad8 26. c5 b5 27. Nf3 Rd3 28. Rcc2 Qd7 29. Rd2 Rd5 30. Rxd5 exd5 31. Nd4 Ra8 32. Ra2 Qc8 33. Rxa8 Qxa8 34. Kg2 g6 35. Qg4 Qe8 36. f4 Bf8 37. h4 h5 38. Qe2 Bg7 39. g4 hxg4 40. Qxg4 f6 41. f5 fxe5 42. Qxg6+ Qxg6+ 43. fxg6+ Kxg6 44. Nxc6 d4 45. Kf1 d3 46. Na7 e4 47. c6 e3 48. Nxb5 e2+ 49. Ke1 Bf6 50. c7 Bxh4+ 0-1

[Event "Florence op 6th"]
[Site "Florence"]
[Date "2012.11.01"]
[Round "2"]
[White "Scali, Fausto"]
[Black "Madiai, Federico"]
[Result "0-1"]
[WhiteElo "1882"]
[BlackElo "2208"]
[PlyCount "58"]
[EventDate "2012.11.01"]
[EventType "swiss"]
[EventRounds "7"]
[EventCountry "ITA"]
[SourceTitle "EXT 2014"]
[Source "ChessBase"]
[SourceDate "2013.11.20"]
[SourceVersion "1"]
[SourceVersionDate "2013.11.20"]
[SourceQuality "1"]

1. d4 Nf6 2. c4 e6 3. Nc3 Bb4 4. Nf3 c5 5. g3 cxd4 6. Nxd4 Ne4 7. Qc2 Nxc3 8. bxc3 Be7 9. Bg2 Nc6 10. 0-0 Qc7 11. Rb1 Ne5 12. Bf4 f6 13. Be4 g6 14. Nf3 d6 15. Nxe5 dxe5 16. Bh6 f5 17. Bg2 e4 18. Rfd1 Kf7 19. Rd2 Bd7 20. Bf4 Qc8 21. Rbd1 Bc6 22. Be5 Rg8 23. Qc1 Ba4 24. Re1 Qf8 25. Rd4 Bc5 26. Qf4 g5 27. Qd2 Rd8 28. Rxd8 Qxd8 29. Rd1 Bxd1 0-1

[Event "Donoratico op-A"]
[Site "Donoratico"]
[Date "2011.05.01"]
[Round "5"]
[White "Scali, Fausto"]
[Black "Garvani, Vittorio"]
[Result "0-1"]
[WhiteElo "1964"]
[BlackElo "1907"]
[PlyCount "164"]
[EventDate "2011.04.29"]
[EventType "swiss"]
[EventRounds "5"]
[EventCountry "ITA"]
[SourceTitle "EXT 2015"]
[Source "ChessBase"]
[SourceDate "2014.11.20"]
[SourceVersion "1"]
[SourceVersionDate "2014.11.20"]
[SourceQuality "1"]

1. e4 d6 2. d4 Nf6 3. Nc3 c6 4. f4 Bg4 5. Nf3 e6 6. Bd3 Be7 7. 0-0 Nbd7 8. Qe1 Bxf3 9. Rxf3 Qc7 10. e5 Ng8 11. Qg3 Bf8 12. Ne4 g6 13. f5 exf5 14. Nxd6+ Bxd6 15. exd6 Qb6 16. Qe1+ Kf8 17. Qf2 Re8 18. c4 h5 19. c5 Qd8 20. Bf4 Qf6 21. h4 Qg7 22. Re3 Rxe3 23. Qxe3 Ngf6 24. Re1 Kg8 25. Be5 Kh7 26. Bc4 Nxe5 27. dxe5 Ne4 28. Bd3 Qxe5 29. Bxe4 fxe4 30. d7 Rd8 31. Rd1 Qe7 32. Qd4 e3 33. Re1 Qxd7 34. Qxe3 Qd5 35. b3 Kg7 36. Rf1 Qd4 37. Qxd4+ Rxd4 38. Re1 Rxh4 39. Re7 Rb4 40. Kf2 a5 41. Ke3 Kf6 42. Rc7 g5 43. Kd3 h4 44. Kc3 g4 45. Rc8 Kg5 46. a3 Rf4 47. Rg8+ Kf5 48. b4 axb4+ 49. axb4 Rf2 50. Rh8 h3 51. gxh3 Rf3+ 52. Kc4 Rxh3 53. Rf8 Rh7 54. Rg8 Kf4 55. b5 Rh6 56. Rg7 cxb5+ 57. Kxb5 f5 58. Rxb7 g3 59. c6 Rxc6 60. Kxc6 g2 61. Rb1 Kg3 62. Kd5 f4 63. Rb3+ f3 64. Ke4 g1Q 65. Rxf3+ Kg4 66. Rf4+ Kg5 67. Rf5+ Kg6 68. Rf4 Qe1+ 69. Kf3 Qc3+ 70. Ke4 Qd2 71. Kf3 Qd3+ 72. Kg4 Qe3 73. Rf3 Qe4+ 74. Rf4 Qg2+ 75. Kh4 Qg5+ 76. Kh3 Qxf4 77. Kg2 Qe3 78. Kh1 Qe2 79. Kg1 Kg5 80. Kh1 Kg4 81. Kg1 Kg3 82. Kh1 Qh2# 0-1

[Event "Mirandola Giovanni Pico op 4th"]
[Site "Mirandola"]
[Date "2011.01.16"]
[Round "4"]
[White "Scali, Fausto"]
[Black "Rosmini, Edward"]
[Result "1/2-1/2"]
[WhiteElo "1963"]
[BlackElo "1873"]
[PlyCount "77"]
[EventDate "2011.01.14"]
[EventType "swiss"]
[EventRounds "5"]
[EventCountry "ITA"]
[SourceTitle "EXT 2012"]
[Source "ChessBase"]
[SourceDate "2011.11.24"]
[SourceVersion "1"]
[SourceVersionDate "2011.11.24"]
[SourceQuality "1"]

1. e4 c6 2. d4 d5 3. Nd2 dxe4 4. Nxe4 Bf5 5. Ng3 Bg6 6. h4 h6 7. Nf3 Nd7 8. h5 Bh7 9. Bd3 Bxd3 10. Qxd3 e6 11. Bd2 Ngf6 12. 0-0-0 Bd6 13. Ne4 Nxe4 14. Qxe4 Nf6 15. Qe2 Qc7 16. Kb1 0-0-0 17. c4 c5 18. Bc3 Qc6 19. Ne5 Bxe5 20. dxe5 Qe4+ 21. Qc2 Rxd1+ 22. Rxd1 Qxc2+ 23. Kxc2 Nxh5 24. Bd2 g6 25. Rh1 Ng7 26. Rxh6 Rxh6 27. Bxh6 Nf5 28. Bf8 b6 29. a3 Kd7 30. g4 Nd4+ 31. Kc3 Nf3 32. Bg7 Nh2 33. g5 Ng4 34. f4 Ne3 35. Kd3 Nf5 36. Bf6 a5 37. b3 Nd4 38. b4 a4 39. b5 1/2-1/2

[Event "Mirandola Giovanni Pico op 4th"]
[Site "Mirandola"]
[Date "2011.01.15"]
[Round "3"]
[White "Vincenzi, Marco"]
[Black "Scali, Fausto"]
[Result "1-0"]
[WhiteElo "2091"]
[BlackElo "1963"]
[PlyCount "33"]
[EventDate "2011.01.14"]
[EventType "swiss"]
[EventRounds "5"]
[EventCountry "ITA"]
[SourceTitle "EXT 2012"]
[Source "ChessBase"]
[SourceDate "2011.11.24"]
[SourceVersion "1"]
[SourceVersionDate "2011.11.24"]
[SourceQuality "1"]

1. e4 c5 2. Nf3 e6 3. d4 cxd4 4. Nxd4 Bb4+ 5. Nc3 Qe7 6. Bd3 Nc6 7. Nxc6 dxc6 8. 0-0 e5 9. f4 Nf6 10. f5 Bc5+ 11. Kh1 h5 12. Be2 Bd7 13. Bg5 0-0-0 14. Bxf6 gxf6 15. Qe1 h4 16. Na4 Bd4 17. c4 1-0

[Event "Nicolo La Rosa op 18th"]
[Site "Mazara del Vallo"]
[Date "2010.08.22"]
[Round "8"]
[White "Scali, Fausto"]
[Black "Lo Piccolo, Antonino"]
[Result "1-0"]
[WhiteElo "1971"]
[BlackElo "1879"]
[PlyCount "47"]
[EventDate "2010.08.18"]
[EventType "swiss"]
[EventRounds "9"]
[EventCountry "ITA"]
[SourceTitle "EXT 2024"]
[Source "ChessBase"]
[SourceDate "2023.10.10"]
[SourceVersion "1"]
[SourceVersionDate "2023.10.10"]
[SourceQuality "1"]

1. e4 e5 2. Nf3 Nc6 3. Nc3 Nf6 4. d4 exd4 5. Nxd4 Bb4 6. Nxc6 bxc6 7. Bd3 d5 8. exd5 cxd5 9. 0-0 0-0 10. Bg5 c6 11. h3 Re8 12. Qf3 Be7 13. Rfe1 Be6 14. Ne2 Rb8 15. Nd4 Bd7 16. Rab1 c5 17. Nf5 Bxf5 18. Qxf5 Qc8 19. Qxc8 Rbxc8 20. Bb5 Ne4 21. Bxe8 Bxg5 22. Bd7 Rd8 23. Bc6 Rd6 24. Bxd5 1-0

[Event "Nicolo La Rosa op 18th"]
[Site "Mazara del Vallo"]
[Date "2010.08.19"]
[Round "3"]
[White "La Bella, Roberto"]
[Black "Scali, Fausto"]
[Result "1-0"]
[WhiteElo "2098"]
[BlackElo "1971"]
[PlyCount "69"]
[EventDate "2010.08.18"]
[EventType "swiss"]
[EventRounds "9"]
[EventCountry "ITA"]
[SourceTitle "EXT 2024"]
[Source "ChessBase"]
[SourceDate "2023.10.10"]
[SourceVersion "1"]
[SourceVersionDate "2023.10.10"]
[SourceQuality "1"]

1. e4 c5 2. c3 d5 3. exd5 Qxd5 4. d4 Nf6 5. Nf3 e6 6. Be2 Nbd7 7. Na3 a6 8. Nc2 Be7 9. 0-0 0-0 10. Bf4 cxd4 11. cxd4 b5 12. Ne3 Qe4 13. Bc7 Bb7 14. Bd3 Qc6 15. Rc1 Nc5 16. Ba5 e5 17. dxc5 e4 18. Nd4 Qd7 19. c6 Bxc6 20. Nxc6 exd3 21. Nxe7+ Qxe7 22. Qxd3 Rac8 23. Nf5 Qb7 24. Qg3 Nh5 25. Qg5 Rxc1 26. Rxc1 g6 27. Rc7 Qe4 28. Nh6+ Kh8 29. g4 f6 30. gxh5 Qd4 31. hxg6 hxg6 32. Qxg6 Qd1+ 33. Kg2 Qd5+ 34. f3 Rg8 35. Rh7# 1-0

[Event "Ceriano Laghetto op-B 19th"]
[Site "Ceriano Laghetto"]
[Date "2010.03.??"]
[Round "1"]
[White "Scali, Fausto"]
[Black "Guglielmetti, Oscar"]
[Result "1-0"]
[WhiteElo "1999"]
[BlackElo "1772"]
[PlyCount "23"]
[EventDate "2010.03.??"]
[EventType "swiss"]
[EventRounds "5"]
[EventCountry "ITA"]
[SourceTitle "EXT 2024"]
[Source "ChessBase"]
[SourceDate "2023.10.10"]
[SourceVersion "1"]
[SourceVersionDate "2023.10.10"]
[SourceQuality "1"]

1. e4 g6 2. d4 d6 3. Nc3 Bg7 4. f4 Nf6 5. Nf3 Bg4 6. h3 Bxf3 7. Qxf3 c6 8. Bc4 Qb6 9. e5 Ng8 10. Ne2 Qb4+ 11. Qc3 Qxc3+ 12. Nxc3 1-0

[Event "Ceriano Laghetto op-B 19th"]
[Site "Ceriano Laghetto"]
[Date "2010.03.??"]
[Round "3"]
[White "Scali, Fausto"]
[Black "Guzzetti, Luigi Enrico"]
[Result "1-0"]
[WhiteElo "1999"]
[BlackElo "1879"]
[PlyCount "47"]
[EventDate "2010.03.??"]
[EventType "swiss"]
[EventRounds "5"]
[EventCountry "ITA"]
[SourceTitle "EXT 2024"]
[Source "ChessBase"]
[SourceDate "2023.10.10"]
[SourceVersion "1"]
[SourceVersionDate "2023.10.10"]
[SourceQuality "1"]

1. e4 c5 2. Nf3 e6 3. d4 cxd4 4. Nxd4 a6 5. Nc3 Qc7 6. Be2 Nf6 7. 0-0 Be7 8. a4 Nc6 9. Kh1 d6 10. f4 Bd7 11. Nb3 Nb4 12. Bf3 Bc6 13. Nd4 d5 14. Nxc6 bxc6 15. Be3 Rd8 16. exd5 exd5 17. Bd4 0-0 18. Be5 Qb7 19. Ne2 a5 20. c3 Na6 21. Qc2 Nc5 22. Nd4 Nfe4 23. Nf5 Qc8 24. Nxe7+ 1-0

[Event "Mirandola Giovanni Pico 3rd"]
[Site "Mirandola"]
[Date "2010.01.16"]
[Round "2"]
[White "Scali, Fausto"]
[Black "Malfagia, Andrea"]
[Result "0-1"]
[WhiteElo "1965"]
[BlackElo "2286"]
[PlyCount "44"]
[EventDate "2010.01.15"]
[EventType "swiss"]
[EventRounds "5"]
[EventCountry "ITA"]
[SourceTitle "EXT 2024"]
[Source "ChessBase"]
[SourceDate "2023.10.10"]
[SourceVersion "1"]
[SourceVersionDate "2023.10.10"]
[SourceQuality "1"]

1. e4 c5 2. Nf3 e6 3. d4 cxd4 4. Nxd4 Nc6 5. Nc3 Qc7 6. Be2 a6 7. 0-0 Nf6 8. Kh1 Nxd4 9. Qxd4 Bc5 10. Qd3 b5 11. f4 h5 12. Qg3 Rh7 13. e5 Ng4 14. Ne4 Bb7 15. Bd3 Rh8 16. Bd2 f5 17. exf6 gxf6 18. Nxf6+ Nxf6 19. Qg7 0-0-0 20. Qxf6 Qc6 21. Rf3 Qxf3 22. Bf1 Qf2 0-1

[Event "SLO-ch blind int 8th"]
[Site "Izola"]
[Date "2009.06.20"]
[Round "7"]
[White "Pribeanu, Mihai Dacian"]
[Black "Scali, Fausto"]
[Result "1-0"]
[WhiteElo "2208"]
[BlackElo "1918"]
[PlyCount "61"]
[EventDate "2009.06.15"]
[EventType "swiss"]
[EventRounds "7"]
[EventCountry "SLO"]
[SourceTitle "EXT 2011"]
[Source "ChessBase"]
[SourceDate "2010.11.26"]
[SourceVersion "1"]
[SourceVersionDate "2010.11.26"]
[SourceQuality "1"]

1. e4 c5 2. Nf3 e6 3. d3 Nc6 4. g3 d6 5. Bg2 Nf6 6. 0-0 Be7 7. Re1 0-0 8. c3 d5 9. e5 Nd7 10. h4 b5 11. Bf4 Bb7 12. Nbd2 Qc7 13. Nf1 a5 14. d4 c4 15. Ne3 b4 16. Bh3 Rfb8 17. Nxd5 exd5 18. e6 Bd6 19. Bxd6 Qxd6 20. exd7 g6 21. Qe2 Rd8 22. h5 f5 23. hxg6 hxg6 24. Qe6+ Qxe6 25. Rxe6 Kg7 26. Nh4 Rh8 27. Rxg6+ Kf7 28. Bxf5 Ne7 29. Be6+ Kf8 30. Rf6+ Kg7 31. Rf7+ 1-0

[Event "Viterbo op 6th"]
[Site "Viterbo"]
[Date "2009.06.02"]
[Round "6"]
[White "Vuelban, Virgilio"]
[Black "Scali, Fausto"]
[Result "1-0"]
[WhiteElo "2422"]
[BlackElo "1918"]
[PlyCount "43"]
[EventDate "2009.05.30"]
[EventType "swiss"]
[EventRounds "7"]
[EventCountry "ITA"]
[SourceTitle "EXT 2011"]
[Source "ChessBase"]
[SourceDate "2010.11.26"]
[SourceVersion "1"]
[SourceVersionDate "2010.11.26"]
[SourceQuality "1"]

1. e4 c5 2. Nf3 e6 3. d4 cxd4 4. Nxd4 a6 5. Bd3 Qc7 6. Qe2 b5 7. 0-0 Bb7 8. a4 bxa4 9. Rxa4 d6 10. Nc3 Nf6 11. Be3 Be7 12. Rfa1 0-0 13. Nb3 d5 14. exd5 Nxd5 15. Nxd5 Bxd5 16. Bd4 Nd7 17. Bxh7+ Kxh7 18. Qh5+ Kg8 19. Bxg7 f5 20. Qg6 Rf6 21. Bxf6+ Kf8 22. Qg7+ 1-0

[Event "Viterbo op 6th"]
[Site "Viterbo"]
[Date "2009.05.31"]
[Round "3"]
[White "Almadori, Giovanni"]
[Black "Scali, Fausto"]
[Result "0-1"]
[WhiteElo "1401"]
[BlackElo "1918"]
[PlyCount "68"]
[EventDate "2009.05.30"]
[EventType "swiss"]
[EventRounds "7"]
[EventCountry "ITA"]
[SourceTitle "EXT 2011"]
[Source "ChessBase"]
[SourceDate "2010.11.26"]
[SourceVersion "1"]
[SourceVersionDate "2010.11.26"]
[SourceQuality "1"]

1. Nf3 Nf6 2. g3 d5 3. d4 e6 4. Bg2 c5 5. 0-0 Nc6 6. c3 Bd6 7. Bg5 h6 8. Bxf6 Qxf6 9. Re1 0-0 10. Nbd2 cxd4 11. cxd4 Nxd4 12. e4 Nxf3+ 13. Nxf3 dxe4 14. Nd2 Rd8 15. Nxe4 Qe7 16. Re2 Bb4 17. Qc2 Bd7 18. a3 Ba5 19. Qc5 Qxc5 20. Nxc5 Bb5 21. Rc2 Bb6 22. Nxb7 Rd4 23. Nd6 Ba4 24. Rc8+ Rxc8 25. Nxc8 Rd2 26. Nxb6 axb6 27. Rb1 Bc2 28. Rc1 Bg6 29. Rc8+ Kh7 30. b4 Rd1+ 31. Bf1 Bd3 32. Rd8 Rxf1+ 33. Kg2 Rd1 34. f3 Bf1+ 0-1

[Event "Viterbo op 6th"]
[Site "Viterbo"]
[Date "2009.05.30"]
[Round "1"]
[White "Scali, Fausto"]
[Black "Iori, Alessandro"]
[Result "1-0"]
[WhiteElo "1918"]
[BlackElo "1440"]
[PlyCount "125"]
[EventDate "2009.05.30"]
[EventType "swiss"]
[EventRounds "7"]
[EventCountry "ITA"]
[SourceTitle "EXT 2011"]
[Source "ChessBase"]
[SourceDate "2010.11.26"]
[SourceVersion "1"]
[SourceVersionDate "2010.11.26"]
[SourceQuality "1"]

1. e4 e5 2. Nf3 Nc6 3. Nc3 Bb4 4. a3 Bxc3 5. dxc3 a6 6. Bd3 d6 7. h3 h6 8. 0-0 Qf6 9. Be3 Nge7 10. Nh2 Ng6 11. Qd2 Nf4 12. Bxf4 Qxf4 13. Qxf4 exf4 14. Nf3 Ne5 15. Nxe5 dxe5 16. Bc4 Be6 17. Bxe6 fxe6 18. Rad1 Ke7 19. Rd3 Rad8 20. Rfd1 Rxd3 21. cxd3 Rd8 22. Kf1 b6 23. Ke2 g5 24. g3 c5 25. Rh1 fxg3 26. fxg3 c4 27. dxc4 Rc8 28. b3 b5 29. Kd3 bxc4+ 30. bxc4 Rd8+ 31. Kc2 Rc8 32. Kb3 Rb8+ 33. Ka4 Kd7 34. Rf1 Ke7 35. Rf3 Rc8 36. Kb4 Rb8+ 37. Ka5 Rc8 38. Kxa6 Rxc4 39. Re3 Kd6 40. Kb5 Rc5+ 41. Kb4 Kc6 42. a4 Kb6 43. a5+ Rxa5 44. c4 Rc5 45. Rf3 Rc8 46. Rf6 Rc6 47. Rxh6 Kc7 48. Rg6 Rb6+ 49. Kc3 Kd7 50. Rxg5 Rd6 51. Rxe5 Rd1 52. Ra5 Rg1 53. Rg5 Kd6 54. h4 Rf1 55. h5 Rf3+ 56. Kd2 Rf7 57. g4 Rf4 58. Ke3 e5 59. h6 Rf6 60. h7 Rh6 61. Rh5 Rxh5 62. gxh5 Kc5 63. h8Q 1-0

[Event "ITA-ch ASCI 36th"]
[Site "Silvi Marina"]
[Date "2008.06.29"]
[Round "2"]
[White "Vrioni, Bersan"]
[Black "Scali, Fausto"]
[Result "1/2-1/2"]
[WhiteElo "1674"]
[BlackElo "2004"]
[PlyCount "82"]
[EventDate "2008.06.28"]
[EventType "swiss"]
[EventRounds "7"]
[EventCountry "ITA"]
[SourceTitle "EXT 2011"]
[Source "ChessBase"]
[SourceDate "2010.11.26"]
[SourceVersion "1"]
[SourceVersionDate "2010.11.26"]
[SourceQuality "1"]

1. d4 d5 2. c4 e6 3. Nc3 Nf6 4. Nf3 Nbd7 5. e3 Be7 6. a3 0-0 7. Bd3 dxc4 8. Bxc4 a6 9. 0-0 b5 10. Bd3 Bb7 11. Qc2 c5 12. Be2 Qb6 13. dxc5 Nxc5 14. b4 Nce4 15. Nxe4 Bxe4 16. Bd3 Rac8 17. Qe2 Bxd3 18. Qxd3 Rfd8 19. Qb3 Rc7 20. Bb2 Rdc8 21. Rac1 Rxc1 22. Rxc1 Rxc1+ 23. Bxc1 Qc7 24. Bb2 Ne4 25. Qd3 Qc4 26. Ne5 Qa2 27. Qxe4 Qxb2 28. g3 Qxa3 29. Qa8+ Bf8 30. Nc6 g6 31. Qe8 Qa1+ 32. Kg2 Qf6 33. Qa8 Qb2 34. Qxa6 Bxb4 35. Qxb5 Ba3 36. Qxb2 Bxb2 37. Nb4 f5 38. f3 Kf7 39. h3 Kf6 40. Nd3 Ba1 41. e4 e5 1/2-1/2

[Event "Noale Szabados Memorial-A 1st"]
[Site "Noale"]
[Date "2008.02.10"]
[Round "5"]
[White "Scali, Fausto"]
[Black "Gromovs, Sergejs"]
[Result "1-0"]
[WhiteElo "2029"]
[BlackElo "2378"]
[PlyCount "53"]
[EventDate "2008.02.08"]
[EventType "swiss"]
[EventRounds "5"]
[EventCountry "ITA"]
[SourceTitle "EXT 2022"]
[Source "ChessBase"]
[SourceDate "2021.10.06"]
[SourceVersion "1"]
[SourceVersionDate "2021.10.06"]
[SourceQuality "1"]

1. e4 e5 2. Nf3 Nc6 3. Nc3 Nf6 4. d4 exd4 5. Nxd4 Bb4 6. Nxc6 bxc6 7. Bd3 h6 8. 0-0 d6 9. Be3 0-0 10. h3 Re8 11. Qf3 a5 12. Ne2 a4 13. c3 Ba5 14. e5 Rxe5 15. Qxc6 Bd7 16. Qf3 Rb8 17. b4 Bb6 18. Nd4 Nd5 19. Bc4 c6 20. Rad1 Bxd4 21. Bxd4 Rf5 22. Qg3 Rg5 23. Qf3 Bxh3 24. Qxh3 Nf4 25. Qf3 d5 26. Qxf4 dxc4 27. Be5 1-0

[Event "Florence Weekend op 2nd"]
[Site "Florence"]
[Date "2007.10.28"]
[Round "6"]
[White "Scali, Fausto"]
[Black "Corso, Roberto"]
[Result "0-1"]
[WhiteElo "2042"]
[BlackElo "2096"]
[PlyCount "78"]
[EventDate "2007.10.26"]
[EventType "swiss"]
[EventRounds "6"]
[EventCountry "ITA"]
[SourceTitle "EXT 2010"]
[Source "ChessBase"]
[SourceDate "2010.11.25"]
[SourceVersion "1"]
[SourceVersionDate "2010.11.25"]
[SourceQuality "1"]

1. e4 c5 2. Nf3 e6 3. Nc3 a6 4. d4 cxd4 5. Nxd4 Qc7 6. Be2 b5 7. 0-0 Bb7 8. a3 Nf6 9. Bf3 d6 10. Be3 Nbd7 11. g3 Be7 12. Bg2 Rc8 13. f4 Nc5 14. e5 dxe5 15. Bxb7 exd4 16. Bxc8 dxc3 17. Bxe6 Nxe6 18. bxc3 Qxc3 19. Qd2 Qc6 20. Qg2 Qc3 21. Qd2 Qc4 22. f5 Nc7 23. Rfe1 0-0 24. Qe2 Qc6 25. Qg2 Ncd5 26. Bd4 h6 27. Rad1 Bc5 28. Kh1 Bxd4 29. Rxd4 Qc3 30. Qd2 Qxa3 31. Rxd5 Qf3+ 32. Kg1 Nxd5 33. Qa5 Nc3 34. Qxa6 Ne2+ 35. Rxe2 Qxe2 36. Qa5 Rc8 37. f6 Qd1+ 38. Kg2 Rxc2+ 39. Kh3 Qh5# 0-1

[Event "Florence Weekend op 2nd"]
[Site "Florence"]
[Date "2007.10.26"]
[Round "2"]
[White "Scali, Fausto"]
[Black "Codenotti, Marco"]
[Result "1/2-1/2"]
[WhiteElo "2042"]
[BlackElo "2002"]
[PlyCount "106"]
[EventDate "2007.10.26"]
[EventType "swiss"]
[EventRounds "6"]
[EventCountry "ITA"]
[SourceTitle "EXT 2010"]
[Source "ChessBase"]
[SourceDate "2010.11.25"]
[SourceVersion "1"]
[SourceVersionDate "2010.11.25"]
[SourceQuality "1"]

1. e4 c5 2. Nf3 g6 3. d4 cxd4 4. Nxd4 Nc6 5. Nb3 Bg7 6. Nc3 Nf6 7. Be2 0-0 8. Be3 d6 9. Qd2 Bd7 10. 0-0-0 Ng4 11. Bxg4 Bxg4 12. f3 Bd7 13. h4 Ne5 14. Bd4 h5 15. Qg5 b5 16. Nd5 Re8 17. Ne3 a5 18. Nd2 Nd3+ 19. cxd3 Bxd4 20. Kb1 e6 21. Qxd8 Rexd8 22. Nc2 Bg7 23. f4 e5 24. fxe5 dxe5 25. Nf3 Bg4 26. Ne3 Rd6 27. Nxg4 hxg4 28. Ne1 f5 29. Nc2 Rad8 30. exf5 gxf5 31. Ne3 Rxd3 32. Rxd3 Rxd3 33. Nxf5 Bf6 34. Kc2 Rd7 35. Nh6+ Kg7 36. Nxg4 Rd4 37. Nxf6 Kxf6 38. h5 Rg4 39. Rh2 Kg7 40. h6+ Kh7 41. Kd3 Rf4 42. Ke3 Rg4 43. b3 a4 44. bxa4 Rxa4 45. g3 Ra3+ 46. Ke4 Rxg3 47. Kxe5 b4 48. Kf4 Ra3 49. Kg5 b3 50. axb3 Rxb3 51. Rf2 Rb5+ 52. Kf6 Rb6+ 53. Kf7 Rxh6 1/2-1/2